[Event "38th Greek Team Championship"]
[Site "Olympic Boxing Center"]
[Date "2010.07.07"]
[Round "3.5"]
[White "Kapnisis, Spyridon"]
[Black "Istratescu, Andrei"]
[Result "0-1"]
[WhiteElo "2514"]
[BlackElo "2620"]
[PlyCount "50"]
[EventDate "2010.07.05"]
[WhiteTeam "SAS KOROPIOU"]
[BlackTeam "NO KALAMATAS"]

1. e4 c6 2. d4 d5 3. f3 dxe4 4. fxe4 e5 5. Nf3 exd4 6. Bc4 Nf6 7. O-O Nbd7 8.
Bg5 Qb6 9. Nbd2 Bb4 10. e5 Nd5 11. Ne4 h6 12. a3 Bf8 13. Qe1 Nc5 14. Nd6+ Bxd6
15. exd6+ Be6 16. Bd2 d3 17. Kh1 dxc2 18. Nd4 O-O-O 19. Nxe6 Nxe6 20. Ba5 Qxb2
21. Bxd8 Rxd8 22. Ra2 c1=Q 23. Qxc1 Qxc1 24. Rxc1 Rxd6 25. Rf2 f6 0-1

[Event "38th Greek Team Championship"]
[Site "Olympic Boxing Center"]
[Date "2010.07.07"]
[Round "3.5"]
[White "Khetsuriani, Besarion"]
[Black "Kiriakopoulos, Antonios"]
[Result "1-0"]
[WhiteElo "2357"]
[BlackElo "2051"]
[PlyCount "61"]
[EventDate "2010.07.05"]
[WhiteTeam "SAS KOROPIOU"]
[BlackTeam "NO KALAMATAS"]

1. e4 g6 2. d4 Bg7 3. Nc3 c6 4. Nf3 d5 5. h3 dxe4 6. Nxe4 Nf6 7. Nxf6+ Bxf6 8.
c3 O-O 9. Bh6 Bg7 10. Qd2 Qa5 11. Be2 Bf5 12. O-O Nd7 13. Rfe1 Rfe8 14. Bxg7
Kxg7 15. Bc4 Nf8 16. Ng5 f6 17. Nf7 g5 18. Nxg5 fxg5 19. Qxg5+ Ng6 20. Re5 Qc7
21. Rxf5 Rf8 22. Re1 Rxf5 23. Qxf5 Rf8 24. Qg5 Kh8 25. Bd3 Rf6 26. Bxg6 hxg6
27. Qe5 Qxe5 28. Rxe5 e6 29. g3 Kg7 30. f4 Kf7 31. Kg2 1-0

[Event "38th Greek Team Championship"]
[Site "Olympic Boxing Center"]
[Date "2010.07.07"]
[Round "3.5"]
[White "Sgouros, Apostolos"]
[Black "Delithanasis, Dimitrios"]
[Result "0-1"]
[WhiteElo "2010"]
[BlackElo "2210"]
[PlyCount "46"]
[EventDate "2010.07.05"]
[WhiteTeam "NO KALAMATAS"]
[BlackTeam "SAS KOROPIOU"]

1. e4 e5 2. f4 d5 3. exd5 exf4 4. Nf3 Nf6 5. Bb5+ c6 6. dxc6 bxc6 7. Bc4 Bd6 8.
O-O O-O 9. d4 Bg4 10. c3 Nbd7 11. Nbd2 Nb6 12. Bd3 Re8 13. Qc2 Nbd5 14. Nc4
Bxf3 15. Rxf3 Re1+ 16. Kf2 Rh1 17. Nxd6 Ng4+ 18. Ke2 Qxd6 19. Bxh7+ Kf8 20.
Rxf4 Nxf4+ 21. Bxf4 Qxf4 22. Rxh1 Re8+ 23. Kd3 Nf2+ 0-1

[Event "38th Greek Team Championship"]
[Site "Olympic Boxing Center"]
[Date "2010.07.07"]
[Round "3.5"]
[White "Andronis, Vasilios"]
[Black "Diamanteas, Petros"]
[Result "1/2-1/2"]
[WhiteElo "2025"]
[BlackElo "1991"]
[PlyCount "74"]
[EventDate "2010.07.05"]
[WhiteTeam "SAS KOROPIOU"]
[BlackTeam "NO KALAMATAS"]

1. d4 d5 2. Nf3 Nf6 3. c4 c6 4. Nc3 g6 5. Bg5 Bg7 6. e3 O-O 7. Bd3 Nbd7 8. cxd5
cxd5 9. O-O Nb6 10. Rc1 Bg4 11. h3 Bxf3 12. Qxf3 Rc8 13. Rc2 a6 14. Rfc1 Qd7
15. b3 h6 16. Bf4 Rc6 17. a4 Rd8 18. a5 Na8 19. Na4 Rxc2 20. Rxc2 e6 21. Bxh6
Rc8 22. Nc5 Qe7 23. Bg5 e5 24. Bxf6 Bxf6 25. Qxd5 exd4 26. e4 Rc7 27. f4 Qd8
28. Nxb7 Qxd5 29. exd5 Rxb7 30. Rc8+ Kg7 31. Rxa8 Rxb3 32. Bc4 Rc3 33. d6 Rxc4
34. d7 d3 35. d8=Q Bxd8 36. Rxd8 Rxf4 37. Rxd3 Rf5 1/2-1/2

[Event "38th Greek Team Championship"]
[Site "Olympic Boxing Center"]
[Date "2010.07.07"]
[Round "3.5"]
[White "Makropoulou, Marina"]
[Black "Petraki, Maria"]
[Result "1/2-1/2"]
[WhiteElo "2231"]
[BlackElo "2067"]
[PlyCount "86"]
[EventDate "2010.07.05"]
[WhiteTeam "NO KALAMATAS"]
[BlackTeam "SAS KOROPIOU"]

1. e4 c5 2. Nf3 d6 3. d4 cxd4 4. Nxd4 Nf6 5. Nc3 a6 6. Bc4 e6 7. O-O b5 8. Bb3
Be7 9. Qf3 Qb6 10. Be3 Qb7 11. Qg3 b4 12. Na4 O-O 13. f3 Nc6 14. Nxc6 Qxc6 15.
Nb6 Rb8 16. Ba4 Qc7 17. Nxc8 Rfxc8 18. Rad1 Qa5 19. Bb3 Qb5 20. Bd4 a5 21. e5
dxe5 22. Qxe5 Bc5 23. Bxc5 Rxc5 24. Qd4 Rbc8 25. a4 Qc6 26. Rfe1 h6 27. Re5
Rxe5 28. Qxe5 Qc5+ 29. Qxc5 Rxc5 30. Rd8+ Kh7 31. Kf2 Nd5 32. g3 Kg6 33. Ke2
Kf6 34. Kd3 Ne7 35. Rb8 g5 36. Rb7 Rf5 37. Ke3 Re5+ 38. Kd3 Rf5 39. Ke2 Re5+
40. Kd2 Rf5 41. Ke3 Re5+ 42. Kd2 Rf5 43. Ke3 Ke5 1/2-1/2

[Event "38th Greek Team Championship"]
[Site "Olympic Boxing Center"]
[Date "2010.07.07"]
[Round "3.6"]
[White "Bologan, Viktor"]
[Black "Petrov, Marijan"]
[Result "1/2-1/2"]
[WhiteElo "2695"]
[BlackElo "2535"]
[PlyCount "114"]
[EventDate "2010.07.05"]
[WhiteTeam "ESKA"]
[BlackTeam "AS PAPAGOU"]

1. e4 c5 2. Nf3 Nc6 3. d4 cxd4 4. Nxd4 Nf6 5. Nc3 e6 6. Nxc6 bxc6 7. e5 Nd5 8.
Ne4 Qc7 9. f4 Qb6 10. c4 Bb4+ 11. Ke2 Ba6 12. Kf3 f5 13. exf6 Nxf6 14. Be3 Qa5
15. Nxf6+ gxf6 16. Kf2 Be7 17. c5 Bxf1 18. Rxf1 h5 19. Qd4 Rb8 20. Rfd1 Kf7 21.
f5 Rb7 22. Kg1 e5 23. Qc4+ Ke8 24. Rd2 Qb4 25. Qc2 Rg8 26. h3 Qh4 27. Kh1 Rg3
28. Bg1 Rb4 29. b3 Qe4 30. Qxe4 Rxe4 31. Rad1 a5 32. Bf2 Rg5 33. g3 Rxf5 34.
Kg2 a4 35. bxa4 Rxa4 36. Rb1 e4 37. Rb8+ Kf7 38. Rb7 Bxc5 39. Bxc5 Rxc5 40.
Rdxd7+ Ke6 41. Re7+ Kf5 42. Rb2 Kg6 43. Re2 Re5 44. Rxe5 fxe5 45. a3 Kf5 46.
Ra2 c5 47. Kf2 h4 48. gxh4 Kf4 49. h5 e3+ 50. Ke2 Ra8 51. Rc2 Rxa3 52. Rc4+ e4
53. Rxc5 Ra2+ 54. Ke1 Rh2 55. Rc8 e2 56. Rc3 e3 57. Rc8 Rxh3 1/2-1/2

[Event "38th Greek Team Championship"]
[Site "Olympic Boxing Center"]
[Date "2010.07.07"]
[Round "3.6"]
[White "Zysk, Robert"]
[Black "Hadzimanolis, Antonios"]
[Result "1-0"]
[WhiteElo "2436"]
[BlackElo "2341"]
[PlyCount "63"]
[EventDate "2010.07.05"]
[WhiteTeam "AS PAPAGOU"]
[BlackTeam "ESKA"]

1. d4 Nf6 2. Nf3 d5 3. c4 e6 4. g3 c6 5. Nbd2 Bd6 6. Bg2 O-O 7. O-O Nbd7 8. Qc2
Re8 9. Rd1 e5 10. cxd5 cxd5 11. dxe5 Nxe5 12. Nxe5 Rxe5 13. Nf3 Rh5 14. Be3 Bf5
15. Qb3 Be4 16. Rac1 Qd7 17. Bd4 Ng4 18. h3 Nh6 19. Qc3 f6 20. h4 Nf5 21. Qb3
b6 22. Be3 Re8 23. Bd4 Kh8 24. Qc3 Qe7 25. Qc6 Nxd4 26. Nxd4 Bxg2 27. Kxg2 Qe4+
28. Nf3 Bc5 29. Rc4 Qxe2 30. Rxc5 Rf5 31. Rc3 h5 32. Re1 1-0

[Event "38th Greek Team Championship"]
[Site "Olympic Boxing Center"]
[Date "2010.07.07"]
[Round "3.6"]
[White "Zygouris, Hristos"]
[Black "Zenelis, Konstantinos"]
[Result "0-1"]
[WhiteElo "2252"]
[BlackElo "2158"]
[PlyCount "108"]
[EventDate "2010.07.05"]
[WhiteTeam "ESKA"]
[BlackTeam "AS PAPAGOU"]

1. c4 c6 2. Nf3 Nf6 3. g3 d5 4. Bg2 Bg4 5. Ne5 e6 6. cxd5 exd5 7. Nxg4 Nxg4 8.
O-O Nf6 9. d4 Bd6 10. Nc3 Nbd7 11. Rb1 O-O 12. b4 a6 13. f3 Qe7 14. a3 Nb6 15.
e4 Bc7 16. e5 Nfd7 17. Bh3 Nc4 18. Qd3 Ndb6 19. f4 a5 20. Bf5 g6 21. Bg4 axb4
22. axb4 f6 23. exf6 Qxf6 24. f5 g5 25. Bh5 Nd6 26. g4 Nbc4 27. Be3 Bb6 28. Bf2
Ra3 29. Rfd1 Qg7 30. Qc2 Rfa8 31. b5 R3a5 32. bxc6 bxc6 33. Rb3 Ra1 34. Kg2
Rxd1 35. Qxd1 Qe7 36. Qd3 Ra1 37. Rb1 Ra3 38. Qf3 Rxc3 39. f6 Qe4 40. f7+ Kf8
41. Qxe4 dxe4 42. Bg3 Nxf7 43. Rf1 Rf3 44. Rxf3 exf3+ 45. Kxf3 Bxd4 46. Ke4 Bf6
47. Kf5 Ke7 48. Bxf7 Kxf7 49. h4 gxh4 50. Bc7 h6 51. Bf4 Bg5 52. Bc7 Ne3+ 53.
Ke4 Nxg4 54. Kf3 Nf6 0-1

[Event "38th Greek Team Championship"]
[Site "Olympic Boxing Center"]
[Date "2010.07.07"]
[Round "3.7"]
[White "Lupulescu, Constantin"]
[Black "Kryvoruchko, Yuriy"]
[Result "0-1"]
[WhiteElo "2618"]
[BlackElo "2609"]
[PlyCount "66"]
[EventDate "2010.07.05"]
[WhiteTeam "PANIONIOS"]
[BlackTeam "SA CHANION"]

1. e4 e5 2. Nf3 Nc6 3. Bb5 Nf6 4. d3 Bc5 5. Bxc6 dxc6 6. h3 Bd6 7. Be3 c5 8.
Nbd2 Nd7 9. Nc4 O-O 10. O-O Re8 11. Nfd2 Nf8 12. a3 Ne6 13. b4 f6 14. Nxd6 cxd6
15. c3 d5 16. exd5 Qxd5 17. Ne4 b6 18. bxc5 bxc5 19. Qa4 Bd7 20. Qa6 Bc6 21. c4
Qd7 22. Nxc5 Nxc5 23. Bxc5 Re6 24. Qa5 Qxd3 25. Rae1 Qg6 26. f3 e4 27. fxe4 Re5
28. Rd1 Qxe4 29. Rf2 h5 30. Qb4 a5 31. Qb6 Rg5 32. Rdd2 Qe1+ 33. Kh2 Qe5+ 0-1

[Event "38th Greek Team Championship"]
[Site "Olympic Boxing Center"]
[Date "2010.07.07"]
[Round "3.7"]
[White "Ninov, Nikolai"]
[Black "Nikolov, Momchil"]
[Result "0-1"]
[WhiteElo "2512"]
[BlackElo "2552"]
[PlyCount "142"]
[EventDate "2010.07.05"]
[WhiteTeam "SA CHANION"]
[BlackTeam "PANIONIOS"]

1. e4 c5 2. Nf3 e6 3. c4 Nc6 4. Be2 e5 5. Nc3 g6 6. Nd5 Bg7 7. d3 d6 8. a3 Nge7
9. b4 O-O 10. bxc5 dxc5 11. Rb1 b6 12. O-O h6 13. Bd2 Rb8 14. Qc1 Kh7 15. Re1
f5 16. exf5 gxf5 17. Nxe7 Qxe7 18. Bc3 Bd7 19. Bf1 Qd6 20. Qb2 Nd4 21. Nxd4
exd4 22. Bd2 Bc6 23. Qc2 Rf6 24. f4 Rg6 25. Bc1 Rg8 26. Rb2 Bf6 27. Qd1 Rg4 28.
h3 Rg3 29. Qh5 Bd7 30. Rf2 R8g7 31. Bd2 a6 32. a4 Qc6 33. Ra1 Bd8 34. Ra2 Qg6
35. Qxg6+ R7xg6 36. Kh2 Bh4 37. Bc1 Kg8 38. a5 b5 39. cxb5 Bxb5 40. Ba3 Re3 41.
Bxc5 Bxf2 42. Rxf2 Bxd3 43. Bxd4 Reg3 44. Bxd3 Rxd3 45. Bb6 Rgd6 46. Rc2 Rd2
47. Rc8+ Kh7 48. Rc7+ Rd7 49. Kg3 Rxc7 50. Bxc7 Kg6 51. Kf3 Rd3+ 52. Ke2 Ra3
53. Kf2 Kf7 54. Kg1 Ke6 55. Kh2 h5 56. Kg1 Kd5 57. Kf2 Ke4 58. Ke2 Ra2+ 59. Kf1
Ke3 60. Kg1 Rc2 61. Bd6 Rc6 62. Bb8 Ke4 63. Kh2 Rc5 64. Kg3 Rxa5 65. Kh4 Rd5
66. Kxh5 a5 67. Be5 Rxe5 68. fxe5 Kxe5 69. g4 f4 70. g5 f3 71. g6 Kf6 0-1

[Event "38th Greek Team Championship"]
[Site "Olympic Boxing Center"]
[Date "2010.07.07"]
[Round "3.7"]
[White "Kofidis, Andreas"]
[Black "Vuilleumier, Alexandre"]
[Result "1-0"]
[WhiteElo "2402"]
[BlackElo "2361"]
[PlyCount "117"]
[EventDate "2010.07.05"]
[WhiteTeam "PANIONIOS"]
[BlackTeam "SA CHANION"]

1. e4 c5 2. Nf3 g6 3. d4 Bg7 4. c3 cxd4 5. cxd4 d5 6. e5 Bg4 7. Be2 Nc6 8. O-O
e6 9. Nc3 Nge7 10. Bg5 Bxf3 11. Bxf3 Qb6 12. Bxe7 Kxe7 13. Bxd5 Rhd8 14. Bxc6
bxc6 15. Qe2 Rxd4 16. Rad1 Rad8 17. Rxd4 Qxd4 18. Re1 Qd2 19. h4 Bh6 20. g3 Rb8
21. Ne4 Qxb2 22. Qf3 Qxe5 23. Qa3+ c5 24. Qxa7+ Kf8 25. Rd1 Kg7 26. Nxc5 Rb5
27. Nd7 Qe4 28. a4 Rb3 29. Qd4+ Qxd4 30. Rxd4 Rxg3+ 31. fxg3 Be3+ 32. Kg2 Bxd4
33. a5 g5 34. a6 gxh4 35. gxh4 Kg6 36. Ne5+ Kf5 37. Nc6 Bc5 38. Kg3 h5 39. a7
Bxa7 40. Nxa7 Ke4 41. Nb5 f5 42. Nd6+ Ke3 43. Nc4+ Ke4 44. Nd2+ Ke3 45. Nf3 Ke4
46. Ng5+ Ke5 47. Kf3 Kf6 48. Ke3 e5 49. Kd3 Kg6 50. Ne6 Kf7 51. Nd8+ Ke7 52.
Nb7 Ke6 53. Nc5+ Kd5 54. Nd7 f4 55. Nb6+ Ke6 56. Na4 Kd5 57. Nc3+ Ke6 58. Ke4
Kf6 59. Ne2 1-0

[Event "38th Greek Team Championship"]
[Site "Olympic Boxing Center"]
[Date "2010.07.07"]
[Round "3.8"]
[White "Sjugirov, Sanan"]
[Black "Bartel, Mateusz"]
[Result "1/2-1/2"]
[WhiteElo "2610"]
[BlackElo "2613"]
[PlyCount "103"]
[EventDate "2010.07.05"]
[WhiteTeam "EES KORYDALLOU"]
[BlackTeam "SA GAZIOU"]

1. e4 c6 2. d4 d5 3. e5 Bf5 4. Nf3 e6 5. Be2 Nd7 6. O-O Bg6 7. Nbd2 Nh6 8. Nb3
Rc8 9. Bd2 Be7 10. a4 O-O 11. a5 c5 12. dxc5 Nxc5 13. Nbd4 Nf5 14. Nxf5 Bxf5
15. Nd4 Qc7 16. f4 Ne4 17. Be3 Bg6 18. c3 Bc5 19. Kh1 a6 20. Bg4 Rce8 21. Qe1
f5 22. Bf3 Re7 23. Nb3 Bxe3 24. Qxe3 Be8 25. Nd4 g5 26. g3 g4 27. Bxe4 dxe4 28.
Kg2 Bf7 29. Rh1 Rd8 30. h3 gxh3+ 31. Rxh3 Bg6 32. Ra4 Rd5 33. Qe2 Rxa5 34. Rxa5
Qxa5 35. Qc4 Qb6 36. Qb3 Qd8 37. Kf2 Kh8 38. Rh1 Qg8 39. Qb6 Be8 40. Qd8 Qf8
41. Ke1 Kg8 42. Qd6 Bf7 43. Rh6 Qxh6 44. Qxe7 Qh1+ 45. Kd2 Qg2+ 46. Kc1 h6 47.
Qd8+ Kh7 48. Qf8 Bg8 49. Qe7+ Kh8 50. Qf6+ Kh7 51. Qe7+ Kh8 52. Qf6+ 1/2-1/2

[Event "38th Greek Team Championship"]
[Site "Olympic Boxing Center"]
[Date "2010.07.07"]
[Round "3.8"]
[White "Olszewski, Michal"]
[Black "Ragger, Markus"]
[Result "1-0"]
[WhiteElo "2543"]
[BlackElo "2614"]
[PlyCount "79"]
[EventDate "2010.07.05"]
[WhiteTeam "SA GAZIOU"]
[BlackTeam "EES KORYDALLOU"]

1. e4 e5 2. Nf3 Nc6 3. Bb5 a6 4. Ba4 Nf6 5. O-O b5 6. Bb3 Bc5 7. a4 Rb8 8. axb5
axb5 9. c3 d6 10. d4 Bb6 11. Qd3 Bd7 12. Bg5 h6 13. Bh4 g5 14. Bg3 Nh5 15. Na3
O-O 16. Nxb5 Nxg3 17. hxg3 Qe8 18. Ba4 Ra8 19. b3 Ra5 20. Nd2 Nb8 21. Na3 Bxa4
22. bxa4 Rxa4 23. Nac4 Rxa1 24. Rxa1 Nd7 25. Ne3 Qe6 26. Nf5 exd4 27. cxd4 Re8
28. g4 Qf6 29. Qc4 Rd8 30. e5 dxe5 31. Ne4 Qh8 32. Ra3 Nf6 33. Nxf6+ Qxf6 34.
Rh3 Qe6 35. Nxh6+ Kf8 36. Nf5 Kg8 37. d5 Qd7 38. Qd3 f6 39. d6 Re8 40. Ne7+ 1-0

[Event "38th Greek Team Championship"]
[Site "Olympic Boxing Center"]
[Date "2010.07.07"]
[Round "3.8"]
[White "Tsiamis, Konstantinos"]
[Black "Lirindzakis, Timotheos"]
[Result "1/2-1/2"]
[WhiteElo "2290"]
[BlackElo "2328"]
[PlyCount "104"]
[EventDate "2010.07.05"]
[WhiteTeam "EES KORYDALLOU"]
[BlackTeam "SA GAZIOU"]

1. e4 c6 2. d4 d5 3. f3 e6 4. Nc3 Nf6 5. Bf4 Bb4 6. Qd3 b6 7. Nge2 Ba6 8. Qe3
O-O 9. O-O-O c5 10. a3 Bxc3 11. Qxc3 Qc8 12. Bg5 cxd4 13. Qxd4 Nc6 14. Qc3 Bxe2
15. Bxe2 d4 16. Qd2 Nd7 17. Kb1 f6 18. Be3 Nc5 19. Bxd4 Rd8 20. Qe3 Nxd4 21.
Rxd4 Qc7 22. g3 Rxd4 23. Qxd4 Rd8 24. Qc3 a5 25. Rd1 Rxd1+ 26. Bxd1 a4 27. Qd4
h5 28. Be2 h4 29. f4 hxg3 30. hxg3 Qc6 31. Bd3 Kf7 32. g4 Qc7 33. f5 Ke7 34. g5
Qd6 35. gxf6+ gxf6 36. Qc4 Qe5 37. Qb5 Qd6 38. Qc4 Qe5 39. Ka2 Qd6 40. Qb5 exf5
41. exf5 Nxd3 42. cxd3 Qd4 43. Kb1 Kd6 44. Kc2 Qf2+ 45. Kc3 Qe1+ 46. Kc4 Qc1+
47. Kb4 Qxb2+ 48. Kxa4 Qc2+ 49. Kb4 Qb2+ 50. Kc4 Qc2+ 51. Kd4 Qf2+ 52. Kc3 Qe1+
1/2-1/2

[Event "38th Greek Team Championship"]
[Site "Olympic Boxing Center"]
[Date "2010.07.07"]
[Round "3.9"]
[White "Chatalbashev, Boris"]
[Black "Moradiabadi, Elshan"]
[Result "1-0"]
[WhiteElo "2613"]
[BlackElo "2571"]
[PlyCount "61"]
[EventDate "2010.07.05"]
[WhiteTeam "SO ILIOUPOLIS"]
[BlackTeam "SO KALLITHEAS"]

1. d4 Nf6 2. c4 g6 3. Nc3 Bg7 4. e4 d6 5. Bd3 O-O 6. Nge2 c5 7. d5 e6 8. O-O
exd5 9. cxd5 a6 10. a4 Nbd7 11. Ng3 Re8 12. f4 Qc7 13. Bc4 Nb6 14. Be2 Bd7 15.
a5 Nc8 16. f5 Qd8 17. Bf4 b5 18. axb6 Qxb6 19. Qd2 Rb8 20. Bg5 Rf8 21. Rxa6
Qxb2 22. Qxb2 Rxb2 23. e5 Ne8 24. f6 Bh8 25. Bh6 Rc2 26. Bxf8 Rxc3 27. Bh6 Nc7
28. e6 Be8 29. exf7+ Kxf7 30. Ne4 Nxa6 31. Bxa6 1-0

[Event "38th Greek Team Championship"]
[Site "Olympic Boxing Center"]
[Date "2010.07.07"]
[Round "3.9"]
[White "Gesos, Pavlos"]
[Black "Ignatiadis, Konstantinos"]
[Result "1-0"]
[WhiteElo "2329"]
[BlackElo "2206"]
[PlyCount "97"]
[EventDate "2010.07.05"]
[WhiteTeam "SO KALLITHEAS"]
[BlackTeam "SO ILIOUPOLIS"]

1. e4 c6 2. d4 d5 3. exd5 cxd5 4. Bd3 Nc6 5. c3 Nf6 6. Bf4 Bg4 7. Qb3 Qd7 8.
Nd2 e6 9. Ngf3 Bxf3 10. Nxf3 Bd6 11. Bxd6 Qxd6 12. O-O O-O 13. Rfe1 Rab8 14. a4
Qc7 15. Qc2 Rfc8 16. Qe2 a6 17. Ne5 Nxe5 18. dxe5 Nd7 19. a5 g6 20. h4 Nc5 21.
h5 Nxd3 22. Qxd3 Qc4 23. Qe3 Qg4 24. hxg6 fxg6 25. b3 Qf5 26. Rec1 Rc7 27. Ra4
g5 28. Rb4 Rbc8 29. Rb6 Kf7 30. g3 h6 31. Qd4 h5 32. c4 h4 33. Kg2 h3+ 34. Kh2
Qf3 35. Rg1 g4 36. Qf4+ Qxf4 37. gxf4 dxc4 38. bxc4 Rxc4 39. Rxb7+ R8c7 40.
Rxc7+ Rxc7 41. Rxg4 Rc5 42. Kxh3 Rxa5 43. Kh4 Ra2 44. Rg2 a5 45. Kg5 a4 46. Rh2
Kg7 47. Rh6 a3 48. Rxe6 Rxf2 49. Ra6 1-0

[Event "38th Greek Team Championship"]
[Site "Olympic Boxing Center"]
[Date "2010.07.07"]
[Round "3.9"]
[White "Gogolis, Alexandros"]
[Black "Aggelis, Nikolaos"]
[Result "1/2-1/2"]
[WhiteElo "2214"]
[BlackElo "2340"]
[PlyCount "134"]
[EventDate "2010.07.05"]
[WhiteTeam "SO ILIOUPOLIS"]
[BlackTeam "SO KALLITHEAS"]

1. d4 Nf6 2. Nf3 d5 3. Bg5 Ne4 4. Bf4 c5 5. c3 g6 6. e3 Bg7 7. Bxb8 Rxb8 8.
Qa4+ Bd7 9. Bb5 a6 10. Bxd7+ Qxd7 11. Qxd7+ Kxd7 12. Nbd2 cxd4 13. Nxe4 dxe4
14. Nxd4 Bxd4 15. O-O-O e5 16. exd4 Ke6 17. Rhe1 f5 18. f3 Rhd8 19. fxe4 exd4
20. exf5+ Kxf5 21. Rxd4 Rxd4 22. cxd4 Rd8 23. Re7 h5 24. Rxb7 Rxd4 25. Rf7+ Ke5
26. Kc2 Rg4 27. Rf2 Ke4 28. Kd2 h4 29. Ke2 a5 30. Kf1 Kd3 31. Rf3+ Kc2 32. Ra3
Rg5 33. b3 Rc5 34. Ra4 Kb1 35. b4 Rc1+ 36. Kf2 Rc2+ 37. Kf3 Rc3+ 38. Kf2 Rc2+
39. Kf3 Rc3+ 40. Kg4 Rc4+ 41. Kg5 axb4 42. Kxg6 Rg4+ 43. Kh5 Rxg2 44. Rxb4+
Kxa2 45. h3 Ka3 46. Rg4 Rd2 47. Kxh4 Kb3 48. Kh5 Kc3 49. Kh6 Kd3 50. h4 Ke3 51.
h5 Kf3 52. Rg7 Kf4 53. Kh7 Kf5 54. h6 Kf6 55. Rg1 Rd7+ 56. Kh8 Rd8+ 57. Rg8 Rd7
58. Ra8 Kg6 59. Ra6+ Kf7 60. Kh7 Rb7 61. Rg6 Rb8 62. Rg1 Kf6 63. Rf1+ Kg5 64.
Rg1+ Kf6 65. Rg8 Rb7+ 66. Kh8 Ra7 67. h7 Rb7 1/2-1/2

[Event "38th Greek Team Championship"]
[Site "Olympic Boxing Center"]
[Date "2010.07.07"]
[Round "3.10"]
[White "Agouridis, Aris"]
[Black "Sarandos, Vasilios"]
[Result "1/2-1/2"]
[WhiteElo "2120"]
[BlackElo "2257"]
[PlyCount "110"]
[EventDate "2010.07.05"]
[WhiteTeam "SISK"]
[BlackTeam "SO IKARIAS"]

1. e4 c6 2. d4 d5 3. Nc3 dxe4 4. Nxe4 Bf5 5. Ng3 Bg6 6. h4 h6 7. h5 Bh7 8. Nf3
Nd7 9. Bd3 Bxd3 10. Qxd3 e6 11. Bd2 Qc7 12. O-O-O O-O-O 13. Kb1 Ngf6 14. Ne4
Nxe4 15. Qxe4 Nf6 16. Qe1 c5 17. Ba5 b6 18. Bc3 cxd4 19. Bxd4 Bc5 20. Rd3 Bxd4
21. Nxd4 Kb7 22. Rhh3 Rd5 23. Qb4 Rhd8 24. Qa4 Qd7 25. Qxd7+ R8xd7 26. Ne2 Rxd3
27. cxd3 Rd5 28. Kc2 Rxh5 29. Rg3 Rg5 30. Rxg5 hxg5 31. Ng3 Kc6 32. Kd2 Kd5 33.
f3 Ke5 34. Ne2 Nd5 35. Nc3 Nxc3 36. bxc3 b5 37. g3 f5 38. a3 Kd5 39. Ke2 e5 40.
g4 g6 41. Ke3 Kc5 42. Kd2 a6 43. Ke2 a5 44. Ke3 Kd5 45. Kd2 Kd6 46. Ke2 Kc5 47.
Ke3 b4 48. axb4+ axb4 49. cxb4+ Kxb4 50. d4 Kc4 51. dxe5 Kd5 52. gxf5 gxf5 53.
f4 gxf4+ 54. Kxf4 Ke6 55. Kf3 Kxe5 1/2-1/2

[Event "38th Greek Team Championship"]
[Site "Olympic Boxing Center"]
[Date "2010.07.07"]
[Round "3.10"]
[White "Koukoufikis, Alexandros"]
[Black "Pappas, Mihail"]
[Result "1-0"]
[WhiteElo "2255"]
[BlackElo "1992"]
[PlyCount "63"]
[EventDate "2010.07.05"]
[WhiteTeam "SO IKARIAS"]
[BlackTeam "SISK"]

1. e4 e6 2. b3 d5 3. Bb2 dxe4 4. Nc3 Nf6 5. g4 h6 6. Bg2 Bd7 7. Qe2 Be7 8.
O-O-O Bc6 9. Kb1 Nbd7 10. Nxe4 Nxe4 11. Bxe4 Bf6 12. Bxc6 bxc6 13. d4 Nb6 14.
Nf3 a5 15. h4 g6 16. Ne5 a4 17. Qf3 Bxe5 18. dxe5 Qe7 19. Qxc6+ Kf8 20. Bd4 Kg7
21. Bc5 Qe8 22. Qxe8 Rhxe8 23. Bxb6 cxb6 24. Rd6 axb3 25. cxb3 Ra5 26. Re1 b5
27. Rd7 Rc8 28. f4 Rc3 29. f5 Ra6 30. fxg6 Kxg6 31. Rf1 Rac6 32. Rfxf7 1-0

[Event "38th Greek Team Championship"]
[Site "Olympic Boxing Center"]
[Date "2010.07.07"]
[Round "3.10"]
[White "Papageorgiou, Ioannis"]
[Black "Pountzas, Hrisanthos"]
[Result "0-1"]
[WhiteElo "1966"]
[BlackElo "2181"]
[PlyCount "68"]
[EventDate "2010.07.05"]
[WhiteTeam "SISK"]
[BlackTeam "SO IKARIAS"]

1. e4 c5 2. g3 g6 3. Bg2 Bg7 4. Ne2 Nc6 5. c3 e5 6. O-O Nge7 7. Na3 d6 8. Nc2
Qb6 9. d3 O-O 10. Rb1 Be6 11. c4 a5 12. b3 f5 13. a3 Rab8 14. Be3 Qc7 15. b4 b6
16. Qd2 Nd4 17. Ncxd4 cxd4 18. Bh6 Bxh6 19. Qxh6 b5 20. cxb5 Qc2 21. Rfc1 Qxe2
22. Bf1 Qa2 23. bxa5 fxe4 24. dxe4 Qxf2+ 25. Kh1 Nd5 26. Bh3 Bxh3 27. Qxh3 Ne3
28. Rc7 Qf3+ 29. Kg1 h5 30. b6 Qf2+ 31. Kh1 d3 32. b7 d2 33. Rc8 Qf3+ 34. Kg1
d1=Q+ 0-1

[Event "38th Greek Team Championship"]
[Site "Olympic Boxing Center"]
[Date "2010.07.07"]
[Round "3.11"]
[White "Negi, Parimarjan"]
[Black "Naiditsch, Arkadij"]
[Result "1/2-1/2"]
[WhiteElo "2615"]
[BlackElo "2684"]
[PlyCount "120"]
[EventDate "2010.07.05"]
[WhiteTeam "SO PATRON"]
[BlackTeam "SA CCHALKIDOS"]

1. e4 e5 2. Nf3 Nc6 3. Bb5 Nf6 4. O-O Nxe4 5. d4 Nd6 6. Bxc6 dxc6 7. dxe5 Nf5
8. Qxd8+ Kxd8 9. Nc3 Ke8 10. h3 Be6 11. b3 Rd8 12. Bg5 Be7 13. Rad1 Bxg5 14.
Nxg5 Nd4 15. Rd2 Bf5 16. Rfd1 c5 17. Nb5 h6 18. c3 Ne2+ 19. Kf1 Rxd2 20. Rxd2
Nf4 21. Nxc7+ Ke7 22. Nf3 Be4 23. c4 a6 24. g3 Nxh3 25. Nd5+ Ke6 26. Nh2 h5 27.
f3 Bb1 28. Nc3 Bg6 29. f4 h4 30. Kg2 hxg3 31. Kxg3 Ng1 32. Rd6+ Kf5 33. Nd5
Ne2+ 34. Kf3 Nd4+ 35. Kg2 Bh5 36. Nf1 Bf3+ 37. Kg3 Bxd5 38. Rxd5 Ne2+ 39. Kf3
Nd4+ 40. Kg3 Ke4 41. Kg4 f5+ 42. exf6 gxf6 43. Ng3+ Kd3 44. Rxc5 Rg8+ 45. Kh3
Ne6 46. Rd5+ Ke3 47. Nh5 Nxf4+ 48. Nxf4 Kxf4 49. Rd7 Kf3 50. Rd3+ Ke4 51. Rd7
f5 52. Rxb7 f4 53. Rf7 f3 54. c5 Ke3 55. c6 f2 56. c7 Ke2 57. Re7+ Kf1 58. Rg7
Re8 59. Kh2 Ke1 60. Re7+ Rxe7 1/2-1/2

[Event "38th Greek Team Championship"]
[Site "Olympic Boxing Center"]
[Date "2010.07.07"]
[Round "3.11"]
[White "Stefanova, Antoaneta"]
[Black "Braun, Arik"]
[Result "0-1"]
[WhiteElo "2560"]
[BlackElo "2527"]
[PlyCount "52"]
[EventDate "2010.07.05"]
[WhiteTeam "SA CCHALKIDOS"]
[BlackTeam "SO PATRON"]

1. d4 d5 2. c4 dxc4 3. Nf3 Nf6 4. e3 Be6 5. Ne5 c5 6. Qa4+ Nbd7 7. dxc5 Qc7 8.
Nxd7 Nxd7 9. Na3 Qxc5 10. Bd2 a6 11. Bxc4 Bxc4 12. Qxc4 e6 13. Qe4 Qa7 14. Bc3
Rc8 15. Bd4 Qb8 16. O-O e5 17. Rfd1 Be7 18. Bc3 Bxa3 19. Rxd7 Kxd7 20. Bxe5 Bd6
21. Rd1 Rc6 22. Qf5+ Ke7 23. Bxg7 Rg8 24. Bf6+ Kf8 25. e4 Qc8 26. Rxd6 Rc1+ 0-1

[Event "38th Greek Team Championship"]
[Site "Olympic Boxing Center"]
[Date "2010.07.07"]
[Round "3.11"]
[White "Kanellopoulos, Panayotis"]
[Black "Nikolaidis, Konstantinos"]
[Result "1/2-1/2"]
[WhiteElo "2268"]
[BlackElo "2290"]
[PlyCount "69"]
[EventDate "2010.07.05"]
[WhiteTeam "SO PATRON"]
[BlackTeam "SA CCHALKIDOS"]

1. c4 e5 2. Nc3 Nf6 3. Nf3 Nc6 4. g3 Bb4 5. Bg2 Bxc3 6. bxc3 d6 7. O-O O-O 8.
d3 h6 9. Rb1 Rb8 10. Ne1 d5 11. cxd5 Nxd5 12. Bd2 Be6 13. Nf3 Qd7 14. Qc2 Rfe8
15. Rfd1 Bh3 16. Bh1 Nf4 17. Re1 Nd5 18. Rbd1 Rbd8 19. Bc1 Qe7 20. Qb3 Nb6 21.
Ba3 Qd7 22. Nd2 Be6 23. Qc2 Bd5 24. Ne4 Qc8 25. Rb1 f5 26. Nc5 Bxh1 27. Kxh1
Kh8 28. e4 f4 29. gxf4 exf4 30. d4 Qg4 31. Qd1 Qh3 32. Qd3 Qh5 33. Qd1 Qh3 34.
Qd3 Qh5 35. Qd1 1/2-1/2